| 000 | 00578cam a22001814a 4500 | ||
|---|---|---|---|
| 005 | 20250605164409.0 | ||
| 008 | 250528s ||||||||||||||||||||||||d | ||
| 035 | _a24966 | ||
| 040 |
_aGR-AtMCL _bgre _dGR-AtMCL _eAACR2 |
||
| 245 | 1 | _aAdvancements in Generative AI Audio: The Crucial Role of High-SNR MEMS Microphones | |
| 260 |
_bEe Times Europe, _c2024 |
||
| 300 | _a60 | ||
| 520 | _aSpecial Report: Quantum, Exclusive Interviews with Leading RTOs, VC Market Perspectives | ||
| 700 | 1 |
_aPele Anne Francoise _99414 |
|
| 942 | _cCR | ||
| 999 |
_c9786 _d9786 |
||